000 00322nam a2200133Ia 4500
005 20260328101527.0
008 260328s9999||||xx |||||||||||||| ||und||
100 _aJodidio, Philip
245 0 _aTemporary Architecture Now! /
_cPhilip Jodidio
260 _bTaschen
300 _a416 p.
650 _aPABELLONES
942 _cBK
999 _c9831
_d9831